[Event "Stay Safe Play From Home 280"]
[Site "Emanuel Lasker Arena"]
[Date "2020.07.06"]
[Round "1"]
[White "Mepe_Nika"]
[Black "Greblha"]
[Result "1-0"]
[WhiteElo "2381"]
[BlackElo "1938"]
[Annotator "TA"]
[PlyCount "65"]
[EventDate "2020.07.06"]
[EventType "swiss (blitz)"]

{[%evp 13,65,9,49,31,33,23,32,-19,0,-12,10,16,17,0,6,-40,-33,-50,-38,-25,0,0,0,-5,-16,-22,-24,-27,132,125,186,130,224,111,212,177,174,140,235,231,245,236,240,235,1048,993,1272,1281,29986,29987,29987,5239,29990,29987]} 1. d4 c6 2. Bf4 d5 3. e3 Nf6 4. c4 g6 5. Nc3 Bg7 6. Nf3 O-O 7. h3 Ne4 {[#]} (7... c5 $5) 8. Qc2 $146 {D93: Grünfeld: 4 Nf3 Bg7 5 Bf4 0-0 6 e3.} ({Predecessor:} 8. Bd3 Nxc3 9. bxc3 dxc4 10. Bxc4 Nd7 11. e4 Qa5 12. Bd2 c5 13. a4 Qc7 14. Rc1 b6 15. e5 e6 {1-0 (42) Gareyev,T (2599)-Sedlak,N (2567) Las Vegas 2010}) 8... Nxc3 9. Qxc3 Bf5 10. Bd3 (10. Rd1 $14) 10... Bxd3 11. Qxd3 dxc4 12. Qxc4 Qa5+ 13. Qc3 Qa6 14. Nd2 Nd7 15. Qc4 Qxc4 16. Nxc4 Nb6 17. Nxb6 axb6 18. a3 {[%cal Ba2a3,Ba3b4][%mdl 32]} b5 19. Kd2 e6 20. Rhc1 b4 $2 {[#]} ({Better is} 20... Ra6 $11) 21. axb4 $16 Rfc8 (21... f6 $16) 22. Kd3 (22. b5 $18) 22... Rf8 (22... Bf6 $16 {was necessary.} 23. b5 cxb5 24. Rxc8+ Rxc8) 23. Ra3 (23. Rxa8 $18 {and White stays clearly on top.} Rxa8 24. b5) 23... Rfc8 (23... Rxa3+ $16 24. bxa3 Ra8) 24. Rca1 Rxa3+ 25. bxa3 $18 {[%mdl 4096] Endgame KRB-KRB} b5 {[#]} (25... Ra8 $16 26. a4 f6) 26. a4 $1 bxa4 27. Rxa4 Bf8 28. Kc4 Bh6 $2 (28... f6 29. Ra7 Rd8) 29. Bxh6 f5 30. Ra7 e5 31. Rg7+ Kf8 32. dxe5 (32. Rc7+ $142 Ke8 33. Rxc8+ Kd7 34. Rh8 exd4 35. Rxh7+ Ke6 36. Kxd4 g5 37. Bxg5) 32... Ke8 33. Rxh7 {Accuracy: White = 72%, Black = 46%.} 1-0

[Event "Stay Safe Play From Home 280"]
[Site "Emanuel Lasker Arena"]
[Date "2020.07.06"]
[Round "1"]
[White "little champs"]
[Black "GIULIO19031975"]
[Result "1-0"]
[WhiteElo "2252"]
[BlackElo "1794"]
[Annotator "NA"]
[PlyCount "47"]
[EventDate "2020.07.06"]
[EventType "swiss (blitz)"]

1. e4 {[%emt 0:00:02]} c5 {[%emt 0:00:01]} 2. Nf3 {[%emt 0:00:01]} e6 {[%emt 0:00:01]} 3. d4 {[%emt 0:00:01]} cxd4 {[%emt 0:00:00]} 4. Nxd4 {[%emt 0:00:00]} Nc6 {[%emt 0:00:01]} 5. Nxc6 {[%emt 0:00:01]} bxc6 {[%emt 0:00:01]} 6. Nc3 {[%emt 0:00:01]} d5 {[%emt 0:00:01]} 7. exd5 {[%emt 0:00:01]} cxd5 {[%emt 0:00:01]} 8. Bb5+ {[%emt 0:00:01]} Bd7 {[%emt 0:00:01]} 9. Qe2 {[%emt 0:00:01]} Nf6 {[%emt 0:00:01]} 10. O-O {[%emt 0:00:01]} Bd6 {[%emt 0:00:01]} 11. Bg5 {[%emt 0:00:01]} h6 {[%emt 0:00:01]} 12. Bxf6 {[%emt 0:00:01]} Qxf6 {[%emt 0:00:01]} 13. Bxd7+ {[%emt 0:00:01]} Kxd7 {[%emt 0:00:00]} 14. Rad1 {[%emt 0:00:02]} Rhc8 {[%emt 0:00:02]} 15. Rd3 {[%emt 0:00:02]} Ke8 {[%emt 0:00:01]} 16. Nxd5 {[%emt 0:00:01]} Kf8 {[%emt 0:00:01]} 17. Nxf6 {[%emt 0:00:01]} gxf6 {[%emt 0:00:01]} 18. Rxd6 {[%emt 0:00:01]} Ke7 {[%emt 0:00:01]} 19. Rfd1 {[%emt 0:00:01]} Rc7 {[%emt 0:00:01]} 20. Qd2 {[%emt 0:00:01]} Rac8 {[%emt 0:00:02]} 21. Rd7+ {[%emt 0:00:00]} Kf8 {[%emt 0:00:02]} 22. Qxh6+ {[%emt 0:00:01]} Kg8 {[%emt 0:00:03]} 23. Rd8+ {[%emt 0:00:01]} Rxd8 {[%emt 0:00:01]} 24. Rxd8# {[%emt 0:00:01] (Lag: Av=0.72s, max=2.0s)} 1-0

[Event "Stay Safe Play From Home 280"]
[Site "Emanuel Lasker Arena"]
[Date "2020.07.06"]
[Round "1"]
[White "SoulofWolf"]
[Black "Haris kollari 13"]
[Result "1-0"]
[WhiteElo "2147"]
[BlackElo "1816"]
[Annotator "NA"]
[PlyCount "39"]
[EventDate "2020.07.06"]
[EventType "swiss (blitz)"]

1. d4 {[%emt 0:00:01]} e6 {[%emt 0:00:00]} 2. Nf3 {[%emt 0:00:00]} d5 {[%emt 0:00:00]} 3. Bg5 {[%emt 0:00:00]} f6 {[%emt 0:00:01]} 4. Bh4 {[%emt 0:00:01]} Bd6 {[%emt 0:00:01]} 5. h3 {[%emt 0:00:01]} c5 {[%emt 0:00:02]} 6. dxc5 {[%emt 0:00:01]} Bxc5 {[%emt 0:00:03]} 7. Bg3 {[%emt 0:00:01]} Nc6 {[%emt 0:00:03]} 8. Nc3 {[%emt 0:00:02]} a6 {[%emt 0:00:02]} 9. e3 {[%emt 0:00:01]} Nge7 {[%emt 0:00:02]} 10. a3 {[%emt 0:00:00]} Nf5 {[%emt 0:00:01]} 11. Bh2 {[%emt 0:00:02]} b5 {[%emt 0:00:04]} 12. Bd3 {[%emt 0:00:01]} Nfe7 {[%emt 0:00:07]} 13. O-O {[%emt 0:00:01]} Bd7 {[%emt 0:00:04]} 14. Qe2 {[%emt 0:00:03]} e5 {[%emt 0:00:15]} 15. e4 {[%emt 0:00:03]} d4 {[%emt 0:00:02]} 16. Nb1 {[%emt 0:00:01]} Qc7 {[%emt 0:00:03]} 17. Nbd2 {[%emt 0:00:01]} O-O {[%emt 0:00:02]} 18. Nb3 {[%emt 0:00:01]} Bd6 {[%emt 0:00:01]} 19. Rac1 {[%emt 0:00:01]} Rac8 {[%emt 0:00:01]} 20. c4 {[%emt 0:00:00] Time (Lag: Av=0.45s, max=0.6s)} 1-0

[Event "Stay Safe Play From Home 280"]
[Site "Emanuel Lasker Arena"]
[Date "2020.07.06"]
[Round "1"]
[White "Bardellosport"]
[Black "AChessPlayer"]
[Result "0-1"]
[WhiteElo "2026"]
[BlackElo "2445"]
[Annotator "TA"]
[PlyCount "92"]
[EventDate "2020.07.06"]
[EventType "swiss (blitz)"]

{[%evp 9,92,3,12,-1,12,0,35,29,24,-11,-7,-2,0,-35,0,-14,20,-49,-16,-32,16,-56,-66,-60,33,32,30,19,50,8,8,0,20,0,5,-36,0,0,13,10,18,18,18,18,139,138,187,190,192,153,186,13,150,124,278,228,328,158,332,335,319,278,368,368,500,504,489,457,559,0,0,0,0,0,0,0,0,-1408,-1343,-5385,-2874,-29980,-29981,-29981,-29982]} 1. d4 c6 2. e3 d5 3. f4 Nf6 4. Nf3 g6 5. Bd3 Bg7 6. Ne5 {[#] D00: 1 d4 d5: Unusual lines.} Be6 $146 ({Predecessor:} 6... O-O 7. O-O Nfd7 8. h4 c5 9. c3 Qb6 10. Qf3 cxd4 11. cxd4 Nxe5 12. fxe5 e6 {½-½ (25) Pham,T (1860)-Vu,B (1441) Bac Giang 2016}) 7. O-O Bf5 8. Bxf5 {White is slightly better.} gxf5 9. c3 e6 10. Nd2 Nbd7 11. Qf3 O-O 12. Kh1 Kh8 13. h3 ({White should try} 13. b3 $11) 13... Qe7 14. g4 Ne4 {[#] Threatens to win with ...Bxe5.} 15. Nxe4 (15. Nxd7 $1 $11 Qxd7 16. Nxe4 fxe4 17. Qe2) 15... fxe4 16. Qe2 f6 ({Black should play} 16... Nb6 $15 17. g5 f6 18. gxf6 Bxf6) 17. Nxd7 $14 Qxd7 18. Bd2 f5 19. Qg2 Rg8 20. g5 Bf8 21. Kg1 Qf7 22. h4 c5 23. Qe2 c4 24. Rf2 h5 25. Rg2 Kh7 26. b3 Kg6 (26... Rc8 $11) 27. bxc4 $16 dxc4 28. Qxc4 Qd7 29. Qe2 Bg7 30. c4 $2 (30. Be1 $18) 30... Rgc8 (30... Bxd4 $1 $11 {keeps the balance.} 31. Rd1 Bh8) 31. Rc1 a6 $2 (31... Qa4 $16 {keeps fighting.} 32. Be1 b6) 32. c5 Qc6 (32... b6 $142 33. cxb6 Rxc1+ 34. Bxc1 Rb8 35. Qxa6 Qc6) 33. a3 (33. Ba5 $18) 33... Bf8 $2 (33... b6 $16 34. Kh2 Qb5) 34. Ba5 b5 35. Bb6 Qd5 36. Qa2 Rc6 37. Qxd5 exd5 38. Ra2 Rac8 {Threatening ...Rxb6.} 39. a4 $2 (39. Rb1 $18 {Strongly threatening a4.} Ra8 40. a4) 39... Rxb6 $1 $11 40. axb5 axb5 41. cxb6 Rxc1+ {KRB-KR} 42. Kf2 {[#] Threatening mate with b7.} Bd6 43. Ra6 $2 {[%mdl 8192]} (43. Ra5 $11) 43... Rc6 $19 44. Ra8 Rxb6 45. Rg8+ Kf7 46. Rd8 b4 {Accuracy: White = 53%, Black = 37%.} 0-1

[Event "Stay Safe Play From Home 280"]
[Site "Emanuel Lasker Arena"]
[Date "2020.07.06"]
[Round "1"]
[White "VotaryRoma"]
[Black "Robk"]
[Result "1-0"]
[WhiteElo "2005"]
[BlackElo "1604"]
[Annotator "TA"]
[PlyCount "95"]
[EventDate "2020.07.06"]
[EventType "swiss (blitz)"]

{[%evp 19,95,25,31,30,32,8,15,6,13,0,31,12,53,45,73,76,110,109,114,119,114,117,125,123,128,125,135,95,93,86,129,94,94,94,94,82,85,82,84,75,75,75,82,82,85,82,85,82,85,82,101,82,94,94,101,93,101,0,89,31,32,75,29964,29963,29967,29966,29976,29977,12820,5616,5581,4614,29987,29988,29990,29991,29995,29989]} 1. Nf3 c5 2. g3 e6 3. Bg2 Nc6 4. O-O d5 5. c4 Nf6 6. cxd5 exd5 7. d4 Be7 8. dxc5 Bxc5 9. Nc3 O-O 10. Bg5 Be6 11. e3 {D34: Tarrasch Defence: 6 g3 Nf6 7 Bg2 Be7.} Be7 {[#]} 12. Nb5 $146 ({Predecessor:} 12. Nd4 Nxd4 13. exd4 h6 14. Bxf6 Bxf6 15. Qb3 Bxd4 16. Nxd5 Bxd5 17. Bxd5 Rb8 18. Rad1 Qb6 {1-0 (43) Andersson,U (2542)-Sofrigin,A (2272) Lausanne 2006}) 12... h6 13. Bxf6 {The position is equal.} Bxf6 14. Nbd4 Nxd4 15. Nxd4 Bxd4 16. Qxd4 a6 17. Rfd1 Qd7 18. Bxd5 Bxd5 19. Qxd5 Qxd5 20. Rxd5 $16 {[%mdl 4096] Endgame KRR-KRR} Rfd8 21. Rad1 Rxd5 22. Rxd5 {KR-KR} Rc8 23. Rd7 b5 24. Ra7 Rc1+ 25. Kg2 Rc2 26. Rxa6 Rxb2 27. Rb6 b4 28. Rb5 g6 29. Kf3 Kg7 30. h4 Rxa2 31. Rxb4 Ra7 32. Rb6 Re7 33. Kf4 Rd7 34. e4 Re7 35. f3 Ra7 36. g4 Rd7 37. h5 g5+ 38. Kf5 ({White should try} 38. Kg3 $16) 38... Ra7 {[#]} (38... Rd3 $11 {keeps the balance.}) 39. f4 (39. Rb3 $1 $16) 39... Ra5+ 40. e5 Ra4 $2 {[%mdl 8192] Now Black is done in.} (40... gxf4 $16 41. Kxf4 Ra1) 41. fxg5 hxg5 42. Kxg5 Ra7 43. h6+ Kh7 44. Kf5 (44. Rf6 $142 Re7 45. Kf5) 44... Rc7 $18 45. g5 Ra7 46. Kf6 {White mates.} Rc7 47. e6 fxe6 48. Rxe6 {Accuracy: White = 82%, Black = 73%.} 1-0

[Event "Stay Safe Play From Home 280"]
[Site "Emanuel Lasker Arena"]
[Date "2020.07.06"]
[Round "1"]
[White "NeatFox"]
[Black "Lamborghini"]
[Result "0-1"]
[WhiteElo "1929"]
[BlackElo "2242"]
[Annotator "TA"]
[PlyCount "74"]
[EventDate "2020.07.06"]
[EventType "swiss (blitz)"]

{[%evp 9,74,-152,-151,-150,-152,-166,-154,-186,-193,-195,-187,-351,-342,-353,-323,-324,-321,-335,-259,-303,-320,-313,-304,-275,-266,-416,-368,-635,-518,-1470,-912,-1028,-1036,-1575,-1454,-1359,-887,-859,-687,-613,-522,-571,-405,-593,-498,-497,-505,-518,-48,-715,-715,-726,-481,-852,-831,-789,-752,-976,-992,-1336,-746,-1595,-1567,-29991,-29992,-29998,-29999]} 1. g4 e5 2. Bg2 d6 3. c4 c6 {[#]} 4. Qb3 $146 ({Predecessor:} 4. e3 h5 5. gxh5 Qh4 6. d4 exd4 7. Qxd4 Qxd4 8. exd4 Rxh5 9. Nc3 Nf6 10. Nge2 {1-0 (61) Vachier Lagrave,M (2795)-Xiong,J (2652) chess.com INT 2017}) 4... Nd7 {[%cal Bb8d7,Bd7c5,Bc5d3][%mdl 32]} 5. d3 Nc5 6. Qd1 {A00: Irregular Openings.} Bxg4 7. Nc3 Nf6 8. Bg5 {Black is clearly better.} Be7 9. Nf3 O-O 10. Nd2 $2 {[#]} (10. d4 Bxf3 11. Bxf3 exd4 12. Qxd4) 10... Nxd3+ $1 $19 {[%mdl 576] Pin} 11. Kf1 (11. exd3 Bxd1) 11... Nf4 ({Not} 11... Nxb2 12. Qc2 $17) 12. Bxf4 exf4 13. Nde4 d5 14. cxd5 Nxd5 15. Nxd5 cxd5 16. Nc3 d4 17. Ne4 (17. Nd5 $142) 17... Qb6 18. b3 $2 (18. h3 Be6 19. h4) 18... Rac8 19. Rc1 (19. h3 $142 Bh5 20. Bf3 Bxf3 21. exf3) 19... Ba3 20. Rxc8 Rxc8 21. Bf3 Bh3+ 22. Bg2 Rc1 23. Qxc1 Bxc1 24. Bxh3 {[#]} f3 $1 25. exf3 g6 26. Rg1 (26. Kg2 $142 Bf4 27. Rd1) 26... Qb5+ 27. Kg2 f5 28. Ng3 Qd3 $2 ({Better is} 28... Bg5 $19 29. Rd1 d3) 29. Re1 $2 {[%mdl 8192]} (29. Rxc1 $15 Qa6 30. Rc8+ Kf7 31. Rc7+ Ke8 32. Rxh7) 29... Bf4 30. Re7 b5 31. Ne2 (31. Rd7 $142) 31... Bd6 32. Re6 Bc5 {White must now prevent ...Qd2.} 33. Nf4 Qd2 {[%mdl 64] Double Attack} 34. Nd5 Bb6 35. Ne7+ Kf7 36. Re5 d3 37. Nc6 Qxf2+ {White got outplayed after the opening. Accuracy: White = 26%, Black = 54%.} 0-1

[Event "Stay Safe Play From Home 280"]
[Site "Emanuel Lasker Arena"]
[Date "2020.07.06"]
[Round "1"]
[White "Klasman"]
[Black "Weltszmerc"]
[Result "0-1"]
[WhiteElo "1368"]
[BlackElo "2130"]
[Annotator "TA"]
[PlyCount "50"]
[EventDate "2020.07.06"]
[EventType "swiss (blitz)"]

{[%evp 9,50,-53,-34,-41,-31,-40,-50,-68,-54,-80,0,0,0,-9,-2,-9,-19,-110,-101,-109,-70,-85,-75,-112,25,-86,-93,-86,168,158,164,158,168,168,238,241,308,291,408,398,519,443,1794]} 1. f4 Nf6 2. Nc3 d5 3. d4 c5 4. Nf3 Bg4 5. e3 cxd4 6. exd4 {A03: Bird's Opening with 1...d5.} e6 {[#]} 7. Bb5+ $146 ({Predecessor:} 7. a3 Nc6 8. Bb5 Bd6 9. O-O O-O 10. Bxc6 bxc6 11. b4 Qc7 12. Ne2 Ne4 13. Ne5 Bxe2 14. Qxe2 {½-½ (40) Lopez Gonzalez,L (1477)-Rivero Pena,G (1489) Gran Canaria 2016}) 7... Nc6 8. Qd3 {Black is slightly better.} a6 9. Ba4 b5 {[#]} (9... Bf5 $17 10. Qe2 Bd6 11. Bxc6+ bxc6) 10. Nxb5 $1 $11 {[%mdl 512]} axb5 (10... Bxf3 $5 11. Nc3 $8 Qb6 12. gxf3 (12. Qxf3 Bd6 $11) 12... Bd6 $11) 11. Bxb5 Qb6 {...Bf5 is the strong threat.} (11... Rc8 $5 12. Ne5 $8 Qb6 $11) 12. Ne5 $1 Rc8 13. Nxc6 (13. a4 $1 $11 Bf5 14. Qb3 (14. Qc3 Bd6 $15)) 13... Rxc6 $17 14. a4 {aiming for a5.} Bb4+ 15. c3 Bd6 16. b4 {[#]} O-O (16... Bf5 $1 $17 {[%cal Rf5d3]} 17. Bxc6+ Qxc6) 17. Bxc6 (17. a5 $1 $11 Qc7 18. Bxc6 Qxc6 19. b5) 17... Qxc6 18. b5 Qc4 $2 {[%mdl 8192] Loses the game.} (18... Qc7 $17 {keeps the pressure on. Strongly threatening ...Bf5.} 19. O-O Rb8) 19. Qxc4 $18 dxc4 20. Ba3 $36 {[%mdl 2048] White has strong initiative.} Bxa3 21. Rxa3 Nd5 (21... Bf5 $142 22. a5 Nd5) 22. Kd2 Ra8 23. a5 e5 (23... Bf5 $142 24. Rha1 Kf8) 24. fxe5 Bd7 25. Rb1 {Threatens to win with b6.} Nb6 {[%mdl 32768] Accuracy: White = 67%, Black = 24%. . Loss on time!?} (25... Bf5 $142) 0-1

[Event "Stay Safe Play From Home 280"]
[Site "Emanuel Lasker Arena"]
[Date "2020.07.06"]
[Round "2"]
[White "Mepe_Nika"]
[Black "SoulofWolf"]
[Result "1-0"]
[WhiteElo "2384"]
[BlackElo "2151"]
[Annotator "RC"]
[PlyCount "127"]
[EventDate "2020.07.06"]
[EventType "swiss (blitz)"]

1. d4 {[%emt 0:00:01]} c5 {[%emt 0:00:00]} 2. c3 {[%emt 0:00:01]} e6 {[%emt 0:00:00]} 3. Bf4 {[%emt 0:00:01]} Ne7 {[%emt 0:00:00]} 4. e3 {[%emt 0:00:00]} Ng6 {[%emt 0:00:00]} 5. Bg3 {[%emt 0:00:00]} d5 {[%emt 0:00:01]} 6. Nf3 {[%emt 0:00:00]} Bd6 {[%emt 0:00:01]} 7. Nbd2 {[%emt 0:00:01]} O-O {[%emt 0:00:01]} 8. Bd3 {[%emt 0:00:01]} b6 {[%emt 0:00:01]} 9. Qe2 {[%emt 0:00:00]} Bb7 {[%emt 0:00:01]} 10. Rd1 {[%emt 0:00:01]} a5 {[%emt 0:00:00]} 11. e4 {[%emt 0:00:01]} f6 {[%emt 0:00:04]} 12. e5 {[%emt 0:00:01]} fxe5 {[%emt 0:00:02]} 13. Bxg6 {[%emt 0:00:00]} hxg6 {[%emt 0:00:01]} 14. Nxe5 {[%emt 0:00:01]} Qe8 {[%emt 0:00:01]} 15. O-O {[%emt 0:00:02]} Nd7 {[%emt 0:00:01]} 16. Ndf3 {[%emt 0:00:02]} Nf6 {[%emt 0:00:04]} 17. Rfe1 {[%emt 0:00:06]} Ne4 {[%emt 0:00:01]} 18. Nd2 {[%emt 0:00:03]} Rf5 {[%emt 0:00:06]} 19. Nxe4 {[%emt 0:00:02]} dxe4 {[%emt 0:00:01]} 20. Qe3 {[%emt 0:00:05]} Rd8 {[%emt 0:00:01]} 21. h3 {[%emt 0:00:01]} Kh7 {[%emt 0:00:02]} 22. Nc4 {[%emt 0:00:02]} Bxg3 {[%emt 0:00:02]} 23. Qxg3 {[%emt 0:00:00]} Qf8 {[%emt 0:00:00]} 24. Ne5 {[%emt 0:00:02]} g5 {[%emt 0:00:03]} 25. Ng4 {[%emt 0:00:02]} Qf7 {[%emt 0:00:03]} 26. dxc5 {[%emt 0:00:02]} Rxd1 {[%emt 0:00:02]} 27. Rxd1 {[%emt 0:00:00]} bxc5 {[%emt 0:00:00]} 28. Ne3 {[%emt 0:00:01]} Rf4 {[%emt 0:00:01]} 29. Ng4 {[%emt 0:00:02]} Rf5 {[%emt 0:00:01]} 30. Qe3 {[%emt 0:00:01]} Bd5 {[%emt 0:00:03]} 31. b3 {[%emt 0:00:01]} c4 {[%emt 0:00:01]} 32. bxc4 {[%emt 0:00:01]} Bxc4 {[%emt 0:00:00]} 33. a3 {[%emt 0:00:00]} Bd5 {[%emt 0:00:01]} 34. Qg3 {[%emt 0:00:01]} Qb7 {[%emt 0:00:01]} 35. Ne3 {[%emt 0:00:01]} Rf6 {[%emt 0:00:02]} 36. Qxg5 {[%emt 0:00:01]} Qb3 {[%emt 0:00:03]} 37. Qh5+ {[%emt 0:00:01]} Kg8 {[%emt 0:00:01]} 38. Nxd5 {[%emt 0:00:00]} Qxd1+ {[%emt 0:00:01]} 39. Qxd1 {[%emt 0:00:01]} exd5 {[%emt 0:00:00]} 40. Qxd5+ {[%emt 0:00:01]} Rf7 {[%emt 0:00:01]} 41. Qxe4 {[%emt 0:00:00]} g6 {[%emt 0:00:00]} 42. Qxg6+ {[%emt 0:00:01]} Kf8 {[%emt 0:00:01]} 43. Qxf7+ {[%emt 0:00:01]} Kxf7 {[%emt 0:00:00]} 44. f4 {[%emt 0:00:00]} Ke6 {[%emt 0:00:00]} 45. Kf2 {[%emt 0:00:00]} Kf5 {[%emt 0:00:00]} 46. Ke3 {[%emt 0:00:00]} Ke6 {[%emt 0:00:00]} 47. g4 {[%emt 0:00:01]} Kd5 {[%emt 0:00:00]} 48. f5 {[%emt 0:00:00]} a4 {[%emt 0:00:00]} 49. f6 {[%emt 0:00:01]} Ke6 {[%emt 0:00:00]} 50. g5 {[%emt 0:00:00]} Kf7 {[%emt 0:00:00]} 51. Kd4 {[%emt 0:00:00]} Kg6 {[%emt 0:00:00]} 52. Kc4 {[%emt 0:00:00]} Kh5 {[%emt 0:00:00]} 53. Kb4 {[%emt 0:00:00]} Kg6 {[%emt 0:00:00]} 54. Kxa4 {[%emt 0:00:01]} Kxg5 {[%emt 0:00:00]} 55. f7 {[%emt 0:00:00]} Kf6 {[%emt 0:00:00]} 56. f8=Q+ {[%emt 0:00:00]} Ke6 {[%emt 0:00:00]} 57. Qh8 {[%emt 0:00:00]} Kd5 {[%emt 0:00:00]} 58. Qh5+ {[%emt 0:00:00]} Kc4 {[%emt 0:00:00]} 59. Qh4+ {[%emt 0:00:00]} Kd3 {[%emt 0:00:00]} 60. Qd4+ {[%emt 0:00:00]} Kc2 {[%emt 0:00:00]} 61. c4 {[%emt 0:00:00]} Kb1 {[%emt 0:00:01]} 62. Qf2 {[%emt 0:00:01]} Ka1 {[%emt 0:00:01]} 63. Kb3 {[%emt 0:00:00]} Kb1 {[%emt 0:00:00]} 64. Qf1# {[%emt 0:00:01] (Lag: Av=0.36s, max=0.6s)} 1-0

[Event "Stay Safe Play From Home 280"]
[Site "Emanuel Lasker Arena"]
[Date "2020.07.06"]
[Round "2"]
[White "little champs"]
[Black "VotaryRoma"]
[Result "0-1"]
[WhiteElo "2254"]
[BlackElo "2012"]
[Annotator "RC"]
[PlyCount "48"]
[EventDate "2020.07.06"]
[EventType "swiss (blitz)"]

1. d4 {[%emt 0:00:02]} Nf6 {[%emt 0:00:01]} 2. e3 {[%emt 0:00:00]} g6 {[%emt 0:00:05]} 3. Nf3 {[%emt 0:00:00]} Bg7 {[%emt 0:00:00]} 4. Be2 {[%emt 0:00:00]} O-O {[%emt 0:00:00]} 5. O-O {[%emt 0:00:00]} d5 {[%emt 0:00:00]} 6. c4 {[%emt 0:00:00]} c5 {[%emt 0:00:00]} 7. cxd5 {[%emt 0:00:01]} cxd4 {[%emt 0:00:01]} 8. exd4 {[%emt 0:00:02]} Nxd5 {[%emt 0:00:01]} 9. Nc3 {[%emt 0:00:00]} Nc6 {[%emt 0:00:01]} 10. Qb3 {[%emt 0:00:01]} Be6 {[%emt 0:00:05]} 11. Qxb7 {[%emt 0:00:02]} Rc8 {[%emt 0:00:01]} 12. Ba6 {[%emt 0:00:03]} Rc7 {[%emt 0:00:02]} 13. Qb5 {[%emt 0:00:02]} Nxd4 {[%emt 0:00:06]} 14. Nxd4 {[%emt 0:00:02]} Bxd4 {[%emt 0:00:00]} 15. Rd1 {[%emt 0:00:06]} Nxc3 {[%emt 0:00:01]} 16. bxc3 {[%emt 0:00:02]} Bxf2+ {[%emt 0:00:01]} 17. Kxf2 {[%emt 0:00:01]} Qxd1 {[%emt 0:00:00]} 18. Bf4 {[%emt 0:00:04]} Qc2+ {[%emt 0:00:05]} 19. Kg3 {[%emt 0:00:02]} Rxc3+ {[%emt 0:00:02]} 20. Kh4 {[%emt 0:00:01] little champs offers a draw} Qxg2 {[%emt 0:00:10]} 21. Bg3 {[%emt 0:00:08]} Qe4+ {[%emt 0:00:10]} 22. Kg5 {[%emt 0:00:05]} Kg7 {[%emt 0:00:01]} 23. Be5+ {[%emt 0:00:01]} f6+ {[%emt 0:00:01]} 24. Bxf6+ {[%emt 0:00:05]} exf6# {[%emt 0:00:00] (Lag: Av=0.68s, max=2.1s)} 0-1

[Event "Stay Safe Play From Home 280"]
[Site "Emanuel Lasker Arena"]
[Date "2020.07.06"]
[Round "2"]
[White "Weltszmerc"]
[Black "AChessPlayer"]
[Result "0-1"]
[WhiteElo "2131"]
[BlackElo "2448"]
[Annotator "TA"]
[PlyCount "110"]
[EventDate "2020.07.06"]
[EventType "swiss (blitz)"]

{[%evp 12,109,0,-6,17,16,48,27,28,18,9,14,12,7,29,0,47,32,45,26,26,-20,26,22,54,61,77,64,59,53,79,80,105,27,53,-20,18,-3,-12,-26,-29,-49,-37,-64,-73,-62,-72,-75,-72,-187,-174,-297,-290,-299,-292,-318,-318,-312,-291,-354,-340,-433,-432,-447,-420,-564,-545,-1356,-1223,-29965,-1220,-1105,-1043,-29981,-29982,-29986,-29987,-29987,-29988,-29990,-29991,-29991,-29992,-29992,-29993,-29994,-29993,-29993,-29994,-29994,-29995,-29995,-29996,-29997,-29997,-29997,-29998,-29998,-29999,-29999]} 1. d4 g6 2. c4 Bg7 3. Nc3 c5 4. Nf3 cxd4 5. Nxd4 Nc6 6. Nxc6 bxc6 7. g3 d6 {A35: Symmetrical English: 2 Nc3 Nc6 3 Nf3.} 8. Bg2 Qc7 9. O-O Nf6 {White has an edge.} 10. Qa4 Bd7 {[#]} 11. e4 $146 ({Predecessor:} 11. Qc2 O-O 12. e4 Rab8 13. Rb1 Be6 14. Ne2 c5 15. Nf4 Bd7 16. b3 Bc6 17. Re1 Qb7 {0-1 (49) Rozwadowski,R-Titz,H (2206) Graz 2013}) 11... O-O 12. Bf4 e5 13. Be3 Ng4 14. Bd2 Rfe8 15. h3 Nf6 16. Be3 Rab8 17. Qc2 a5 18. Rad1 Bc8 19. Rfe1 Nd7 20. b3 Nf8 21. Qd2 Rd8 22. Bg5 ({White should play} 22. Bc5 $16) 22... f6 23. Bh6 (23. Be3 $14) 23... Ne6 24. Bxg7 Kxg7 25. Ne2 Bb7 26. f4 c5 27. f5 Nd4 28. fxg6 hxg6 29. Nc3 {Black continues to play with concentration.} Bc6 30. Nd5 (30. Rf1 $17 {might work better.}) 30... Bxd5 $1 $19 31. exd5 {[#]} (31. cxd5 {was called for.} a4 32. bxa4) 31... a4 $1 {[%mdl 512]} 32. Re3 (32. bxa4 Rb4) 32... axb3 33. axb3 Rxb3 34. Rxb3 Nxb3 35. Qe3 Nd4 36. Rf1 Rb8 37. Qf2 Qe7 38. Be4 f5 39. Bd3 e4 40. Be2 Rb2 {[#] ( -> ...e3)} 41. Re1 Qe5 {Hoping for ...e3.} 42. Kg2 e3 {Black mates.} 43. Qf1 Qe4+ 44. Kg1 Qc2 45. g4 Nxe2+ 46. Rxe2 Qxe2 47. Qxe2 Rxe2 48. gxf5 gxf5 {[%mdl 4096] Endgame KR-K3P} 49. Kf1 Rf2+ 50. Ke1 f4 51. h4 f3 52. h5 Ra2 {[%cal Ra2a1]} 53. h6+ Kh8 {[%cal Ra2a1]} 54. Kd1 f2 {[%cal Rf2f1]} 55. Kc1 f1=Q# {Accuracy: White = 49%, Black = 80%.} 0-1

[Event "Stay Safe Play From Home 280"]
[Site "Emanuel Lasker Arena"]
[Date "2020.07.06"]
[Round "2"]
[White "Bardellosport"]
[Black "Klasman"]
[Result "1-0"]
[WhiteElo "2024"]
[BlackElo "1367"]
[Annotator "TA"]
[PlyCount "51"]
[EventDate "2020.07.06"]
[EventType "swiss (blitz)"]

{[%evp 11,51,-18,-11,-12,9,-39,-2,-14,-5,-21,5,9,0,-28,45,-20,18,16,59,56,115,0,133,137,285,273,627,625,643,639,697,620,648,654,682,670,647,576,727,713,813,770]} 1. d4 f5 2. e3 Nf6 3. f4 e6 4. Nf3 d5 5. Bd3 c5 6. c3 Nc6 7. O-O {D00: 1 d4 d5: Unusual lines.} Bd7 {[#]} 8. Qe2 $146 ({Predecessor:} 8. Nbd2 Be7 9. Qe2 Qc7 10. Ne5 Nxe5 11. fxe5 Ne4 12. Nxe4 dxe4 13. Bc4 O-O 14. Bd2 {0-1 (73) Garcia la Rosa,M (2005)-Blanco Acevedo,M (2185) Merida 2001}) 8... Bd6 (8... c4 $5 {[%cal Rc4d3]} 9. Bc2 Be7 $15) 9. Nbd2 {The position is equal.} O-O 10. Ne5 Bxe5 11. dxe5 Ne4 12. Bxe4 dxe4 (12... fxe4 $11 13. b3 Rc8) 13. Re1 (13. Nc4 $14) 13... Be8 14. Nc4 b5 15. Nd6 c4 ({Better is} 15... Qb6 $14) 16. Nxb5 (16. b3 $16) 16... Rb8 (16... Nxe5 $1 $11 {keeps the balance.} 17. Nd4 Nd3) 17. Nd6 $16 (17. Qxc4 $6 Na5 $16) 17... Qe7 {A mistake that costs the game.} (17... Na5 $16 18. Rd1 (18. Nxc4 Bb5 $14) 18... Qe7) 18. Qxc4 $18 ({But not} 18. Nxc4 $6 Qh4 $18) 18... Bh5 $2 {[#]} (18... Na5 19. Qc5 Qh4) 19. Qxc6 {White is clearly winning.} Rfd8 20. Qc4 Rb6 21. Qf1 Rbxd6 22. exd6 Rxd6 23. b3 Rd3 24. Bb2 Qc5 25. Qf2 g5 26. Qg3 {Accuracy: White = 63%, Black = 16%.} 1-0